|
|
|
|
| LEADER |
01783nam a2200433 a 4500 |
| 001 |
EBC730836 |
| 003 |
MiAaPQ |
| 005 |
20200520144314.0 |
| 006 |
m o d | |
| 007 |
cr cn||||||||| |
| 008 |
110721s2011 enka sb 000 0 eng d |
| 020 |
|
|
|z 9780857247438
|
| 020 |
|
|
|a 9780857247445 (electronic bk.)
|
| 035 |
|
|
|a (MiAaPQ)EBC730836
|
| 035 |
|
|
|a (Au-PeEL)EBL730836
|
| 035 |
|
|
|a (CaPaEBR)ebr10482209
|
| 035 |
|
|
|a (CaONFJC)MIL316036
|
| 035 |
|
|
|a (OCoLC)733323762
|
| 040 |
|
|
|a MiAaPQ
|c MiAaPQ
|d MiAaPQ
|
| 050 |
|
4 |
|a HQ1075
|b .A53 2011
|
| 245 |
0 |
0 |
|a Analyzing gender, intersectionality, and multiple inequalities
|h [electronic resource] :
|b global, transnational and local contexts /
|c edited by Esther Ngan-Ling Chow, Marcia Texler Segal, Lin Tan.
|
| 260 |
|
|
|a Bingley, U.K. :
|b Emerald,
|c 2011.
|
| 300 |
|
|
|a xiii, 310 p. :
|b ill.
|
| 490 |
1 |
|
|a Advances in gender research,
|x 1529-2126 ;
|v v. 15
|
| 504 |
|
|
|a Includes bibliographical references.
|
| 505 |
0 |
|
|a pt. 1. Frameworks and methods -- pt. 2. Gender in global-local connections -- pt. 3. Transnational migration -- pt. 4. War and peace-building.
|
| 533 |
|
|
|a Electronic reproduction. Ann Arbor, MI : ProQuest, 2015. Available via World Wide Web. Access may be limited to ProQuest affiliated libraries.
|
| 650 |
|
0 |
|a Gender identity.
|
| 650 |
|
0 |
|a Sex differences.
|
| 650 |
|
0 |
|a Equality.
|
| 650 |
|
0 |
|a Social psychology.
|
| 650 |
|
0 |
|a Globalization
|x Social aspects.
|
| 655 |
|
4 |
|a Electronic books.
|
| 700 |
1 |
|
|a Chow, Esther Ngan-ling,
|d 1943-
|
| 700 |
1 |
|
|a Segal, Marcia Texler,
|d 1940-
|
| 700 |
1 |
|
|a Tan, Lin.
|
| 710 |
2 |
|
|a ProQuest (Firm)
|
| 830 |
|
0 |
|a Advances in gender research ;
|v v. 15.
|
| 856 |
4 |
0 |
|u https://ebookcentral.proquest.com/lib/matrademy/detail.action?docID=730836
|z Click to View
|